| 000 | 01200nam a2200385 c 4500 | ||
|---|---|---|---|
| 001 | 52157 | ||
| 003 | ES-MaCES | ||
| 005 | 20250203133825.0 | ||
| 008 | 220310s2021 sp 000 | spa d | ||
| 017 |
_aM 23953-2021 _bDL |
||
| 020 | _a9788417526801 | ||
| 040 |
_aES-MaCES _bspa _cES-MaCES |
||
| 100 | 1 |
_aPablo Valenciano, Jaime de _920190 |
|
| 245 | 1 | 0 |
_aFundamentos prácticos de economía de la Unión Europea _cJaime de Pablo Valenciano |
| 250 | _a2ª ed | ||
| 260 |
_aMadrid _bDelta _c2021 |
||
| 300 |
_aXVI, 233 p. _c24 cm |
||
| 504 | _aBibliografía: p. 233 | ||
| 541 | _cCompra | ||
| 650 | 4 |
_arelaciones económicas _926673 |
|
| 650 | 4 |
_arelaciones comerciales _927965 |
|
| 650 | 4 |
_aUEM _930760 |
|
| 650 | 4 |
_adesarrollo institucional _929802 |
|
| 650 | 4 |
_apolítica económica _927025 |
|
| 650 | 4 |
_apolítica comercial _927949 |
|
| 650 | 4 |
_apolítica agraria _927494 |
|
| 650 | 4 |
_apolítica financiera _928124 |
|
| 650 | 4 |
_acohesión social _930743 |
|
| 650 | 4 |
_926752 _aUE |
|
| 650 | 4 |
_amanual _929264 |
|
| 653 | 1 | 0 | _aEconomía |
| 787 | 0 |
_tFundamentos económicos y políticas de la Unión Europea _w(ES-MaCES)45297 |
|
| 902 | _aLIB Libro | ||
| 942 |
_2CES _cBK _h0.0. |
||
| 999 |
_c52157 _d52157 |
||